Statistics for Biggest Cities in Lithuania

Click here to take the quiz!

General Stats

  • This quiz has been taken 914 times
    (912 since last reset)
  • The average score is 5 of 10

Answer Stats

HintAnswer% Correct
1Vilnius
99%
2Kaunas
89%
3Klaipeda
82%
5Panevezys
53%
6Alytus
45%
7Marijampole
39%
10Utena
34%
9Jonava
13%
4Siaulial
4%
8Mazeikial
2%

Score Distribution

Percentile by Number Answered

Percent of People with Each Score

Your Score History

You have not taken this quiz since the last reset